书目信息 |
| 题名: |
苏德战场
|
|
| 作者: | 庞绍堂 著 | |
| 分册: | ||
| 出版信息: | 北京 华夏出版社 2015 |
|
| 页数: | 293页 | |
| 开本: | 23cm | |
| 丛书名: | 第二次世界大战战场丛书 | |
| 单 册: | ||
| 中图分类: | K512.53 , K516.53 | |
| 科图分类: | ||
| 主题词: | 第二次世界大战--史料--苏联 , 第二次世界大战--史料--德国 | |
| 电子资源: | ||
| ISBN: | 978-7-5080-8292-9 | |
| 000 | 01552oam2 2200301 450 | |
| 001 | 012001002967 | |
| 005 | 20140926114740.0 | |
| 010 | @a978-7-5080-8292-9@dCNY38.00 | |
| 100 | @a20151327d2015 em y0chiy50 ea | |
| 101 | 0 | @achi |
| 102 | @aCN@b110000 | |
| 105 | @aa z 000yy | |
| 106 | @ar | |
| 200 | 1 | @a苏德战场@9su de zhan chang@dThe World War II@f庞绍堂著@zeng |
| 210 | @a北京@c华夏出版社@d2015 | |
| 215 | @a293页@c图@d23cm | |
| 225 | 2 | @a第二次世界大战战场丛书 |
| 300 | @a“十二五”国家重点出版物出版规划项目 | |
| 330 | @a《苏德战场》是由著名历史学教授钱乘旦先生和庞绍堂先生主编的“第二次世界大战战场丛书”里的一种,由资深历史学教授庞绍堂所著。本书描叙了二战中自纳粹德国实施“巴巴罗莎”计划不宣而战突袭苏联始,到德国宣布无条件投降止的整个苏德战场上的战争史实。全书史料翔实,描写生动,对著名的莫斯科会战、列宁格勒保卫战、斯大林格勒保卫战、柏林会战等大型战役作了绘声绘色的描写,对其他小型战役也作了生动的记述;同时,对战争双方的战略战术和战局的变化、兵力的消长也作了精彩的分析,是一部兼顾学术性和可读性的难得的佳作。本书原稿于1996年收入“希望文库”,由中国青年出版社和中国少年儿童出版社联合出版,作者做了少量的修订工作,该书所属的“第二次世界大战战场丛书”已纳入“十二五”国家重点图书出版规划项目。 | |
| 461 | 0 | @12001 @a第二次世界大战战场丛书 |
| 510 | 1 | @aThe World War II@zeng |
| 606 | 0 | @a第二次世界大战@x史料@y苏联 |
| 606 | 0 | @a第二次世界大战@x史料@y德国 |
| 690 | @aK512.53@v5 | |
| 690 | @aK516.53@v5 | |
| 701 | 0 | @a庞绍堂@9Pang Shao Tang@4著 |
| 801 | 0 | @aCN@b上海新华@c20180901 |
| 905 | @b1158897-901@dK512.53@e54@f5 | |
| 苏德战场=The World War II/庞绍堂著.-北京:华夏出版社,2015 |
| 293页:图;23cm.-(第二次世界大战战场丛书) |
| “十二五”国家重点出版物出版规划项目 |
| ISBN 978-7-5080-8292-9:CNY38.00 |
| 《苏德战场》是由著名历史学教授钱乘旦先生和庞绍堂先生主编的“第二次世界大战战场丛书”里的一种,由资深历史学教授庞绍堂所著。本书描叙了二战中自纳粹德国实施“巴巴罗莎”计划不宣而战突袭苏联始,到德国宣布无条件投降止的整个苏德战场上的战争史实。全书史料翔实,描写生动,对著名的莫斯科会战、列宁格勒保卫战、斯大林格勒保卫战、柏林会战等大型战役作了绘声绘色的描写,对其他小型战役也作了生动的记述;同时,对战争双方的战略战术和战局的变化、兵力的消长也作了精彩的分析,是一部兼顾学术性和可读性的难得的佳作。本书原稿于1996年收入“希望文库”,由中国青年出版社和中国少年儿童出版社联合出版,作者做了少量的修订工作,该书所属的“第二次世界大战战场丛书”已纳入“十二五”国家重点图书出版规划项目。 |
| ● |
| 相关链接 |
|
|
|
|
正题名:苏德战场
索取号:K512.53/54
 
预约/预借
| 序号 | 登录号 | 条形码 | 馆藏地/架位号 | 状态 | 备注 |
| 1 | 1158897 | 211588977 | 第二样本阅览室/ [索取号:K512.53/54] | 在馆 | |
| 2 | 1158898 | 211588986 | 第二借阅区/ [索取号:K512.53/54] | 在馆 | |
| 3 | 1158899 | 211588995 | 密集书库-史法系/ [索取号:K512.53/54] | 在馆 | |
| 4 | 1158900 | 211589002 | 第二借阅区/ [索取号:K512.53/54] | 在馆 | |
| 5 | 1158901 | 211589011 | 第二借阅区/ [索取号:K512.53/54] | 在馆 |